000 02519nam a22002657a 4500
005 20240305165632.0
007 cr|||| ||||
008 220511s2021 ea |||||s|||| 00||0 spa d
020 _a978-84-123503-9-5
035 _a35639
040 _avLex
090 _c13319
_d13319
100 1 _aGonzález Vaz, Carmen
245 1 2 _aEl delito de autocapacitación terrorista (art. 575.2 CP)
_h[Recurso electrónico] /
_cCarmen González Vaz
256 _aServicio en línea
260 _aBarcelona:
_bJ.M. Bosch Editor,
_c2021
300 _a1 recurso electrónico
500 _aEl nuevo terrorismo de DAESH ha traído consigo un nuevo modus operandi, el cual ha obligado a la comunidad internacional en general y a los Estados en particular, a adaptar sus ordenamientos jurídicos para combatirlo. Uno de estos cambios se ha visto inspirado en la prevención de los llamados «lobos solitarios» o «terroristas autónomos», enfocado principalmente en el proceso de radicalización. Es así como, en 2015, la LO 2/2015 de 23 de noviembre introduce en el Código Penal español el polémico tipo delictivo conocido como «delito de autoadoctrinamiento terrorista» en su artículo 575.2 CP. La doctrina científica ha denunciado la peligrosidad que supone este delito para el Derecho Penal de garantías, llegando a afirmar que se trata una manifestación del Derecho Penal de Autor, identificándose con un Derecho Penal simbólico y destacando por su adelantamiento injustificado de las barreras de punibilidad y; por ende, afirmándose como un Derecho Penal del Enemigo. Esta obra trata de analizar el tipo objetivo y subjetivo del delito de «autoadoctrinamiento» terrorista, dando respuesta a su compatibilidad con el Estado de Derecho, sus principios político-criminales, los Derechos Fundamentales y las Libertades Públicas. A partir de este estudio, se pondrán de manifiesto los principales problemas que acarrea dicho tipo delictivo y las consecuencias que supone la doctrina judicial y científica que se ha adoptado.
506 1 _aDisponible solo en los productos indicados
_dvLex Global
_dvLex Global (Academic Edition, excluding Law Schools)
_dvLex Global (U.S. Academic Edition, Law Schools)
_dvLex Global (U.S. Academic Edition, excluding Law Schools)
_dvLex Global (Academic Edition, Law Schools)
650 0 4 _aDerecho Penal
_zEspaña
650 0 4 _aDerecho Internacional
_zEspaña
740 0 _avLex Libros (Servicio en línea)
856 4 0 _uhttps://app.vlex.com/#/sources/35639
942 _cRAA
999 _c171555
_d171555